Book Of Crypto: The Complete Guide to Understanding Bitcoin, Cryptocurrencies and Digital Assets (Record no. 43516)

MARC details
000 -LEADER
fixed length control field 00526nam a22001697a 4500
005 - DATE AND TIME OF LATEST TRANSACTION
control field 20250416172311.0
008 - FIXED-LENGTH DATA ELEMENTS--GENERAL INFORMATION
fixed length control field 250401b |||||||| |||| 00| 0 eng d
020 ## - INTERNATIONAL STANDARD BOOK NUMBER
International Standard Book Number 9783030979508
041 ## - LANGUAGE CODE
Language code of text/sound track or separate title eng
082 ## - DEWEY DECIMAL CLASSIFICATION NUMBER
Classification number 332.4 ARS
100 ## - MAIN ENTRY--PERSONAL NAME
Author Arslanian, Henri
245 ## - TITLE STATEMENT
Title Book Of Crypto: The Complete Guide to Understanding Bitcoin, Cryptocurrencies and Digital Assets
260 ## - PUBLICATION, DISTRIBUTION, ETC.
Place Switzerland
Publisher Springer Nature(Palgrave macmillian)
Publication Year 2022
300 ## - PHYSICAL DESCRIPTION
Extent 459;. pages 24 cm
650 ## - SUBJECT ADDED ENTRY--TOPICAL TERM
Subject Cryptocurrencies; Bitcoin
942 ## - ADDED ENTRY ELEMENTS (KOHA)
Koha item type Books
Holdings
Withdrawn status Lost status Source of classification or shelving scheme Damaged status Not for loan Home library Current library Shelving location Accession Date Vendor Price Bill number Total Checkouts Full call number Barcode No Date last seen Date last checked out Discount Bill Date Koha item type Suggested By
    Dewey Decimal Classification     IMTN IMTN Rack 7-B 03/28/2025 Raghav Books Private Limited 2888.27 2374 1 332.4 ARS 33914 07/13/2025 07/02/2025 33 02/14/2025 Books Anjali Sancheti (2024007)
Designed & Maintained by: LRC IMT Nagpur Contact: lrc@imtnag.ac.in© 2024. All Rights Reserved.